La Deuda y las políticas de ajuste estructural de los países en desarrollo: influencia en el proceso de integración económica

Сохранить в:
Библиографические подробности
Соавтор: Conferencia de las Naciones Unidas sobre Comercio y Desarrollo. Reunión de Jefes de las Secretarías de las Agrupaciones de Cooperación e Integración Económicas de Países en Desarrollo, primer período de sesiones, Ginebra, 15 marzo de 1989
Формат: Текст
Опубликовано: Ginebra: Naciones Unidas
Метки: Добавить метку
Нет меток, Требуется 1-ая метка записи!

MARC

LEADER 00000 a a2200000 04500
001 23804
003
040
090 |a 168400  
110 |a Conferencia de las Naciones Unidas sobre Comercio y Desarrollo. Reunión de Jefes de las Secretarías de las Agrupaciones de Cooperación e Integración Económicas de Países en Desarrollo, primer período de sesiones, Ginebra, 15 marzo de 1989  
245 |a La Deuda y las políticas de ajuste estructural de los países en desarrollo: influencia en el proceso de integración económica  
260 |a Ginebra:   |b Naciones Unidas  
300 |a 12 p  
999 |c 13753  |d 13753